Застосування пісенних автентичних матеріалів для формування комунікативної компетенції на старшому етапі вивчення англійської мови (Запис № 281836)

МАРК-запис
000 -LEADER
fixed length control field 01860nam a22001577a 4500
041 ## - LANGUAGE CODE
Language code of text/sound track or separate title ukr
080 ## - UNIVERSAL DECIMAL CLASSIFICATION NUMBER
Universal Decimal Classification number 09
090 ## - LOCALLY ASSIGNED LC-TYPE CALL NUMBER (OCLC); LOCAL CALL NUMBER (OCLC)
Local cutter number (OCLC) ; Book number/undivided call number, CALL (RLIN) ХОМ
100 ## - MAIN ENTRY--PERSONAL NAME
Personal name Хоменко О. А.
245 ## - TITLE STATEMENT
Title Застосування пісенних автентичних матеріалів для формування комунікативної компетенції на старшому етапі вивчення англійської мови
260 ## - PUBLICATION, DISTRIBUTION, ETC. (IMPRINT)
Place of publication, distribution, etc Острог
Name of publisher, distributor, etc КАФ
Date of publication, distribution, etc 2003
300 ## - PHYSICAL DESCRIPTION
Extent 52
520 ## - SUMMARY, ETC.
Summary, etc Розділ 1. Комунікативний підхід у вивченні іноземної мови.<br/>1.1. Поняття комунікативної компетенції та її компетенції.<br/>1.2. Основні принципи комунікативно орієнтованого викладання іноземних мов.<br/>Розділ 2. Роль пісенних автентичних матеріалів у формуванні комунікативної компетенції на старшому етапі вивчення іноземної мови.<br/>2.1. Види автентичних джерел.<br/>2.2. Психологічні особливості сприйняття пісенних автентичних матеріалів на підлітковому етапі.<br/>Розділ 3. Методика використання пісенних автентичних джерел для розвитку комунікативної компетенції на старшому етапі вивчення іноземної мови.<br/>3.1. Основні принципи використання пісенних автентичних матеріалів.<br/>3.2. Комплекси вправ.
-- Комунікація, вивчення, методика.
650 ## - SUBJECT ADDED ENTRY--TOPICAL TERM
Topical term or geographic name as entry element Research Papers
942 ## - ADDED ENTRY ELEMENTS (KOHA)
Koha item type Книги
Фонди
Withdrawn status Lost status Source of classification or shelving scheme Damaged status Not for loan Home library Current library Date acquired Source of acquisition Coded location qualifier Cost, normal purchase price Total Checkouts Full call number Barcode Date last seen Price effective from Koha item type
    Universal Decimal Classification     ВІЛ - Відділ іноземн. літератури НБ ВІЛ - Відділ іноземн. літератури НБ 08/08/2005 Акт 03\01 В11 1.00   09 208766 29/01/2019 01/09/2003 Книги